|
|
|
|
| LEADER |
00000nab a2200000 a 4500 |
| 001 |
vtls001501968 |
| 003 |
SK-MaSNL |
| 005 |
20260304140233.0 |
| 008 |
250505c19961997xo sr 0 0b0slos |
| 035 |
|
|
|a SPKCL4611
|
| 035 |
|
|
|a urn:nbn:sk:snk-abujt
|
| 035 |
|
|
|a (urnnbn)urn:nbn:sk:snk:ar-a04z48
|
| 035 |
|
|
|a (uuid)ad71b43d-7c40-49e5-9d2a-f566103d93cb
|
| 040 |
|
|
|a SNKBUCL
|b slo
|c SNKBUCL
|e AACR2
|
| 041 |
0 |
|
|a slo
|
| 044 |
|
|
|a xo
|c SK
|
| 080 |
|
|
|a 028:061.235
|2 1981
|
| 080 |
|
|
|a 028
|2 1981
|
| 080 |
|
|
|a 061
|2 1981
|
| 100 |
1 |
|
|a Zápotočná, Oľga,
|d 1956-
|4 aut
|9 233086
|
| 245 |
1 |
0 |
|a Informácie Slovenskej asociácie pre rozvoj čítania /SARČ/
|c Oľga Zápotočná
|
| 610 |
2 |
7 |
|a Slovenská asociácia pre rozvoj čítania
|2 snkbucl
|9 1395740
|
| 650 |
0 |
7 |
|a čítanie
|2 snkbucl
|9 1654
|
| 773 |
0 |
|
|t Slovenský jazyk a literatúra v škole
|g Roč. 43, č. 9-10 (1996/1997), s. 314-316
|
| 850 |
|
|
|a Slovenská národná knižnica
|
| 852 |
|
|
|a Slovenská národná knižnica
|
| 954 |
|
|
|a odborná, vedecká literatúra pôvodná (slovenská)
|2 lita
|
| 958 |
|
|
|a article27
|
| 958 |
|
|
|a OND
|
| 958 |
|
|
|a EUIPO
|
| 999 |
|
|
|c 2914400
|d 2916330
|